Hodnotenie rušivého svetla vo vonkajšom prostredí

Saved in:
Bibliographic Details
Main Author: Zárecký, Jakub (Author)
Other Authors: Raditschová, Jana (Thesis advisor)
Format: Manuscript Book
Language:Slovak
Published: Bratislava : STU v Bratislave FEI, 2021
Subjects:
Online Access:https://opac.crzp.sk/?fn=detailBiblioForm&sid=1D055279E2D1258CB574221E7F1A&seo=CRZP-detail-kniha
Tags: Add Tag
No Tags, Be the first to tag this record!

MARC

LEADER 00000ntm a22000003a 4500
001 stuzp81860
003 SK-STU
005 20211126134344.4
007 ta
008 150427s2015----xo-----f-mn---000-0-slo-d
040 |a STU  |b slo 
041 0 |a slo 
044 |a xo 
100 1 |a Zárecký, Jakub  |u 032000  |4 aut  |U FEI Fakulta elektrotechniky a informatiky  |T FEI Ústav elektroenergetiky a aplikovanej elektrotechniky  |X 86955  |U E020  |Y 548  |7 86955 
242 0 1 |a Evaluation of obtrusive light in the outdoor environment  |y eng 
245 1 0 |a Hodnotenie rušivého svetla vo vonkajšom prostredí 
260 |a Bratislava :  |b STU v Bratislave FEI,  |c 2021 
300 |a 60 s. 
650 4 |a rušivé svetlo  |2 slo 
650 4 |a hodnotenie rušivého svetla  |2 slo 
650 4 |a jasová analýza  |2 slo 
650 4 |a evaluation of obtrusive light  |2 eng 
650 4 |a luminance analyzis  |2 eng 
650 4 |a obtrusive light  |2 eng 
700 1 |a Raditschová, Jana  |u 032000  |k Z8  |4 ths  |U FEI Fakulta elektrotechniky a informatiky  |T FEI Ústav elektroenergetiky a aplikovanej elektrotechniky  |X 46335  |U E020  |Y 548  |7 A000046335 
856 4 |u https://opac.crzp.sk/?fn=detailBiblioForm&sid=1D055279E2D1258CB574221E7F1A&seo=CRZP-detail-kniha